000 00426nam a2200157 i 4500
001 36410
003 ES-MaACL
005 20230906155350.0
007 t|
008 030218s1933 fr ||||1| fre d
100 1 _aBourget, Paul (
_d1852-1935)
_930991
245 1 0 _aQuelques temoignages
_b: hommes et idées /
_cPaul Bourget.
260 _aParis :
_bPlon,
_c1933.
300 _a2 v. ;
_c19 cm.
852 _aES-MaACL
_jA-2247-48
999 _c36410
_d36410